Teoretické štúdium termodynamiky antioxidačného efektu prírodných látok
Saved in:
| Main Author: | |
|---|---|
| Other Authors: | |
| Format: | Manuscript Book |
| Language: | Slovak |
| Published: |
2023
|
| Subjects: | |
| Online Access: | http://is.stuba.sk/zp/portal_zp.pl?podrobnosti=172762 |
| Tags: |
No Tags, Be the first to tag this record!
|
MARC
| LEADER | 00000ntm a22000003a 4500 | ||
|---|---|---|---|
| 001 | stuzp87088 | ||
| 003 | SK-STU | ||
| 005 | 20230909210800.2 | ||
| 007 | ta | ||
| 008 | 150427s2015----xo-----f-mn---000-0-slo-d | ||
| 040 | |a STU |b slo | ||
| 041 | 0 | |a slo | |
| 100 | 1 | |a Biela, Monika |u 045210 |k Z8 |4 aut |U FCHPT Ústav fyzikálnej chémie a chemickej fyziky |T FCHPT Oddelenie fyzikálnej chémie |X 76420 |U C5210 |Y 117 |7 76420 | |
| 242 | 0 | 1 | |a Theoretical Investigation of Thermodynamics of Antioxidant Effect of Naturally Occurring Compounds |y eng |
| 245 | 1 | 0 | |a Teoretické štúdium termodynamiky antioxidačného efektu prírodných látok |
| 260 | |c 2023 | ||
| 650 | 4 | |a antioxidant |2 slo | |
| 650 | 4 | |a teória funkcionálu elektrónovej hustoty |2 slo | |
| 650 | 4 | |a termodynamika |2 slo | |
| 650 | 4 | |a antioxidant |2 eng | |
| 650 | 4 | |a density functional theory |2 eng | |
| 650 | 4 | |a thermodynamics |2 eng | |
| 700 | 1 | |a Klein, Erik |u 045210 |k Z1 |4 ths |U FCHPT Ústav fyzikálnej chémie a chemickej fyziky |T FCHPT Oddelenie fyzikálnej chémie |X 3912 |U C5210 |Y 117 |7 A000003912 | |
| 856 | 4 | |u http://is.stuba.sk/zp/portal_zp.pl?podrobnosti=172762 | |